000
00320pab a2200145 454500
008
180718b2003 xxu||||| |||| 00| 0 eng d
100
_a
Singh, Katar
245
_a
Governance in cooperative banks
260
_c
2003
300
_a
p.4-9.
362
_a
Nov
650
_a
Banks
773
_a
Kurukshetra
909
_a
58615
999
_c
58615
_d
58615